000 01082nam1a22003011 4500
001 v19\rc\1447731
005 20060620103616.0
035 _a(NLR Aleph) 004589229
090 _a2634725
_c2634725
100 _a20060620d1873 |||y0rusy50 ca
101 0 _arus
102 _aRU
105 _a z |||||
200 1 _aКалендарь крестный иллюстрированный...
_fРед. А. Гатцук
210 _aМосква
_cтип. В.В. Исленьева и К°
_dценз. 1873
215 _d28
300 _aНа обл. также 2-е загл.: Иллюстрированный крестный календарь
309 _aБез тит. л.
517 0 _aИллюстрированный крестный календарь
702 1 _aГатцук
_bА. А.
_f1832-1891
_gАлексей Алексеевич
_4340
801 0 _aRU
_bNLR
_gpsbo
801 0 _aRU
_bRuMoRGB
_2psbo
801 1 _aRU
_bProSoft-M
_2rusmarc
852 _aNLR
_j18.79.5.483
899 _aRuMoRGB
_jR 439/197
899 _aRuMoRGB
_jR 446/1483
942 _cBOOK
980 _aNB